Statistics for Crimes

Click here to take the quiz!

General Stats

  • This quiz has been taken 156 times
  • The average score is 8 of 20

Answer Stats

DescriptionCrime% Correct
Killing of another humanMurder
100%
Maliciously setting fire to propertyArson
89%
Confinement of a person against their will Kidnapping
69%
Unlawful taking of personal property of another personLarceny
63%
Crime against the stateTreason
63%
Agreement between two or more people to commit a crime in the futureConspiracy
61%
Lying under oathPerjury
54%
Illegal transportation of objects across an international borderSmuggling
51%
Deliberate deception to secure unfair and unlawful gainFraud
50%
False statement with intent to harm reputationDefamation
43%
Remaining in a particular public place for a protracted time without any apparent purposeLoitering
41%
Obtaining money, property, or services through coercionExtortion
33%
Theft or misappropriation of funds placed in one's trust or belonging to one's employerEmbezzlement
32%
Seizing of a vehicle in transitHijacking
30%
Preventing justice from being served on another party or themselves Obstruction
17%
Act of obtaining secret or confidential information without the permission of the holder of the informationEspionage
8%
Fighting in a public place that disturbs the peaceAffray
5%
Planned act to earn illegal or extorted moneyRacket
4%
Unduly attempting to influence the composition and/or decisions of a jury during the course of a trialJury Tampering
2%
Certain acts that are deliberately committed as part of a widespread or systematic attack directed against any civilianCrimes Against Humanity
0%

Score Distribution

Percentile by Number Answered

Percent of People with Each Score

Your Score History

You have not taken this quiz